Online katalóg knižníc regiónu Turca

Dukla s olympijskou vlajkou (Record no. 20171)

MARC details
000 -LEADER
fixed length control field 01677cam a2200481 a 4500
001 - CONTROL NUMBER
control field 20171
003 - CONTROL NUMBER IDENTIFIER
control field VRT
005 - DATE AND TIME OF LATEST TRANSACTION
control field 20260119095418.0
008 - FIXED-LENGTH DATA ELEMENTS--GENERAL INFORMATION
fixed length control field 240315s1980 xr ol g 00000 cze
020 ## - INTERNATIONAL STANDARD BOOK NUMBER
Qualifying information (viaz.)
035 ## - SYSTEM CONTROL NUMBER
System control number VTK8807
039 #9 - LEVEL OF BIBLIOGRAPHIC CONTROL AND CODING DETAIL [OBSOLETE]
Level of rules in bibliographic description 202403152132
Level of effort used to assign nonsubject heading access points VLOAD
Level of effort used to assign subject headings 202401241058
Level of effort used to assign classification msnk143
Level of effort used to assign subject headings 202110151017
Level of effort used to assign classification msnk162
Level of effort used to assign subject headings 202109281637
Level of effort used to assign classification VLOAD
040 ## - CATALOGING SOURCE
Original cataloging agency VTHK
Language of cataloging slo
Transcribing agency VTHK
Modifying agency SNK
041 0# - LANGUAGE CODE
Language code of text/sound track or separate title cze
043 ## - GEOGRAPHIC AREA CODE
Geographic area code e-cs---
044 ## - COUNTRY OF PUBLISHING/PRODUCING ENTITY CODE
MARC country code xr
ISO country code SK
072 #7 - SUBJECT CATEGORY CODE
Subject category code 796
Subject category code subdivision Šport. Hry. Telesné cvičenia
Source konspekt
080 ## - UNIVERSAL DECIMAL CLASSIFICATION NUMBER
Universal Decimal Classification number 796.034.6.071.2
Edition identifier 1997
080 ## - UNIVERSAL DECIMAL CLASSIFICATION NUMBER
Universal Decimal Classification number 796.015.8
Edition identifier 1997
080 ## - UNIVERSAL DECIMAL CLASSIFICATION NUMBER
Universal Decimal Classification number 796.032.2
Edition identifier 1997
080 ## - UNIVERSAL DECIMAL CLASSIFICATION NUMBER
Universal Decimal Classification number (437)
Edition identifier 1997
080 ## - UNIVERSAL DECIMAL CLASSIFICATION NUMBER
Universal Decimal Classification number (048.8)
Edition identifier 1997
100 1# - MAIN ENTRY--PERSONAL NAME
Personal name Bakalář, Robert,
Dates associated with a name 1940-2011
Relationship aut
245 10 - TITLE STATEMENT
Title Dukla s olympijskou vlajkou
Statement of responsibility, etc. Robert Bakalář, Jan Kotrba; [fotografie: Evžen Beran ... [et al.]]
250 ## - EDITION STATEMENT
Edition statement 1. vyd.
260 ## - PUBLICATION, DISTRIBUTION, ETC.
Place of publication, distribution, etc. Praha
Name of publisher, distributor, etc. Naše vojsko
Date of publication, distribution, etc. 1980
300 ## - PHYSICAL DESCRIPTION
Extent 293 s., [6] s. tab. príl.
Other physical details fotogr. , tab.
Dimensions 25 cm
506 ## - RESTRICTIONS ON ACCESS NOTE
Terms governing access 47000 výtl.
610 17 - SUBJECT ADDED ENTRY--CORPORATE NAME
Corporate name or jurisdiction name as entry element Česko.
Subordinate unit Ministerstvo obrany.
-- Armádne športové centrum Dukla
Source of heading or term SNK
650 07 - SUBJECT ADDED ENTRY--TOPICAL TERM
Topical term or geographic name entry element vrcholoví športovci
Source of heading or term SNKPH
650 07 - SUBJECT ADDED ENTRY--TOPICAL TERM
Topical term or geographic name entry element športové výkony
Source of heading or term SNKPH
650 07 - SUBJECT ADDED ENTRY--TOPICAL TERM
Topical term or geographic name entry element olympijské hry
Geographic subdivision 1946-1976
Source of heading or term SNKPH
651 #7 - SUBJECT ADDED ENTRY--GEOGRAPHIC NAME
Geographic name Československo
Source of heading or term SNKPHgeo
655 #7 - INDEX TERM--GENRE/FORM
Genre/form data or focus term prehľady
Source of term SNKPH
655 #7 - INDEX TERM--GENRE/FORM
Genre/form data or focus term monografie
Source of term SNKPH
700 1# - ADDED ENTRY--PERSONAL NAME
Personal name Kotrba, Jan
Relationship aut
700 1# - ADDED ENTRY--PERSONAL NAME
Personal name Beran, E.
Relationship pht
942 ## - ADDED ENTRY ELEMENTS (KOHA)
Source of classification or shelving scheme Dewey Decimal Classification
Koha item type Odborná literatúra pre dospelých
Suppress in OPAC No
949 ## - LOCAL PROCESSING INFORMATION (OCLC)
6 17A0474431
a snkSC 121506 D1
b snk2005/18619
o STU, Bratislava
949 ## - LOCAL PROCESSING INFORMATION (OCLC)
6 17A0474381
a snkSC 121506
b snk2005/16920
o STU, Bratislava
949 ## - LOCAL PROCESSING INFORMATION (OCLC)
6 273K0141631
a svkpoB 46888
b svkpo272746
Holdings
Stav vyradenia Strata Poškodenie Spôsob nadobudnutia Domovská knižnica Aktuálna knižnica Dátum nadobudnutia Total checkouts Čiarový kód exemplára Date last seen Typ exemplára
      Dar Obecná knižnica Horná Štubňa Obecná knižnica Horná Štubňa 19.01.2026   4736200191 19.01.2026 Odborná literatúra pre dospelých
Projekt je podporený Slovenskou asociáciou knižníc
Prevádzkuje Turčianska knižnica Martin 2026